000 01635nac a22003851i 4500
003 EG-ScBUE
005 20250227102601.0
008 250213t2002 nyua f b 001 0 eng d
020 _a0071348522 (pbk.)
020 _a9780071348522
040 _aEG-ScBUE
_beng
_erda
_cEG-ScBUE
_dEG-ScBUE
082 0 4 _a519.5
_bSAL
_222
100 1 _aSalvatore, Dominick,
_eauthor.
245 1 0 _aSchaum's outline of theory and problems of statistics and econometrics /
_cDominick Salvatore, Ph.D., Professor and Chairman, Department of Economics, Fordham University, Derrick Reagle, Ph.D., Assistant Professor of Economics, Fordham University.
246 3 0 _aStatistics and econometrics
250 _aSecond edition.
264 1 _aNew York :
_bMcGraw-Hill,
_c[2002]
264 4 _cc2002
300 _avi, 328 pages :
_billustrations ;
_c28 cm.
336 _2rdacontent
_atext
_btxt
337 _aunmediated
_2rdamedia
_bn
338 _avolume
_bnc
_2rdacarrier
490 0 _aSchaum's outline series
500 _aIncludes appendix.
504 _aIncludes bibliographical references and index.
650 7 _aSocial sciences
_xStatistical methods.
_2BUEsh
650 7 _aStatistics.
_2BUEsh
650 7 _aEconometrics.
_2BUEsh
655 _vReading book
700 1 _aReagle, Derrick P.
_q(Derrick Peter),
_d1972-
_eauthor.
856 4 2 _3Contributor biographical information
_uhttp://www.loc.gov/catdir/bios/mh041/2001045256.html
856 4 2 _3Publisher description
_uhttp://www.loc.gov/catdir/description/mh024/2001045256.html
856 4 2 _3Table of contents
_uhttp://www.loc.gov/catdir/toc/mh023/2001045256.html
942 _cBB
_2ddc
999 _c1291
_d1291